| 000 | 00761nam a2200193 4500 | ||
|---|---|---|---|
| 001 | 121730 | ||
| 003 | ES-MaACL | ||
| 005 | 20260127062544.0 | ||
| 007 | t| | ||
| 008 | 070214s1945 sp r ||||1| spa d | ||
| 100 | 1 |
_aPlaza, Manuel de la. _992622 |
|
| 245 | 1 | 0 |
_aEn torno a la reforma de la Ley Procesal Civil _b: texto de las conferencias / _cpronunciadas por D. Manuel de la Plaza Navarro los días 5 y 10 de mayo de 1944. |
| 260 |
_aMadrid : _b[s. n.], _c1945 ( _fImp. Viuda de Galo Sèz) |
||
| 300 |
_a92 p. ; _c18 cm. |
||
| 500 | _aPrecede al tít.: Real Academia de Jurisprudencia y Legislación. | ||
| 700 |
_aReal Academia de Jurisprudencia y Legislación de España _9217612 |
||
| 852 |
_aES-MaACL _j1666-F-16 _bR.21831 |
||
| 999 |
_c121730 _d121730 |
||